[Event "Ruhrgebiet Verbandsliga Gruppe 2 1819"]
[Site "Nordrheinwestfalen"]
[Date "2019.01.20"]
[Round "5.6"]
[White "Schoetz, Hans Joachim"]
[Black "Hajra, Hetem"]
[Result "0-1"]
[WhiteElo "1883"]
[BlackElo "1937"]
[PlyCount "82"]
[EventDate "2018.09.23"]
[EventType "team-tourn"]
[EventRounds "9"]
[EventCountry "GER"]
[SourceTitle "EXT 2022"]
[Source "ChessBase"]
[SourceDate "2021.10.06"]
[SourceVersion "1"]
[SourceVersionDate "2021.10.06"]
[SourceQuality "1"]
[WhiteTeam "Boenen SV"]
[BlackTeam "Recklinghausen Sued"]
[WhiteTeamCountry "GER"]
[BlackTeamCountry "GER"]

1. e4 d5 2. exd5 Qxd5 3. Nc3 Qa5 4. d4 c6 5. Bc4 Nf6 6. h3 Bf5 7. Nge2 e6 8. Bf4 Nd5 9. Bd2 Qc7 10. Ng3 Bg6 11. Nce4 Nd7 12. 0-0 N7f6 13. Re1 Be7 14. c3 0-0 15. Qf3 Rad8 16. Rad1 b5 17. Bd3 a6 18. b3 Nd7 19. c4 N5f6 20. Bf4 Qa5 21. Re2 bxc4 22. bxc4 Nh5 23. Bd2 Qa3 24. Bc1 Qa5 25. Bd2 Qa3 26. Nxh5 Bxh5 27. g4 Bg6 28. Bc1 Qa5 29. Bf4 h6 30. c5 Qb4 31. Bxa6 Bxe4 32. Qxe4 Nxc5 33. Qxc6 Rxd4 34. Rxd4 Qxd4 35. Qf3 Nxa6 36. Rd2 Qf6 37. g5 Qf5 38. Qg3 Nc5 39. Rd4 Ne4 40. Qe3 Nxg5 41. Kh2 Bc5 0-1

[Event "Ruhrgebiet Verbandsliga Gruppe 1 1718"]
[Site "Germany"]
[Date "2018.03.18"]
[Round "8.4"]
[White "Schoetz, Hans Joachim"]
[Black "Schriewer, Thomas"]
[Result "1-0"]
[WhiteElo "1913"]
[BlackElo "1916"]
[PlyCount "75"]
[EventDate "2017.09.17"]
[EventType "team-tourn"]
[EventRounds "9"]
[EventCountry "GER"]
[SourceTitle "EXT 2022"]
[Source "ChessBase"]
[SourceDate "2021.10.06"]
[SourceVersion "1"]
[SourceVersionDate "2021.10.06"]
[SourceQuality "1"]
[WhiteTeam "Boenen SV"]
[BlackTeam "Sodingen/Castrop SK II"]
[WhiteTeamCountry "GER"]
[BlackTeamCountry "GER"]

1. e4 c5 2. Nf3 Nc6 3. d4 cxd4 4. Nxd4 Nf6 5. Nc3 e5 6. Ndb5 d6 7. Nd5 Nxd5 8. exd5 Nb8 9. c4 Be7 10. Bd3 0-0 11. Be3 f5 12. f3 Nd7 13. 0-0 b6 14. b4 a6 15. Nc3 Nf6 16. Qc2 g6 17. a4 Nh5 18. a5 bxa5 19. bxa5 Bg5 20. Bb6 Qe7 21. g3 Rb8 22. Rae1 f4 23. Bxg6 hxg6 24. Qxg6+ Ng7 25. Ne4 Bf6 26. gxf4 Bf5 27. Qh6 Bxe4 28. Rxe4 Nf5 29. Qh5 Qh7 30. Qxh7+ Kxh7 31. fxe5 Rg8+ 32. Kh1 Bxe5 33. c5 Rg6 34. c6 Rbg8 35. Rg4 Rh6 36. Rxg8 Kxg8 37. c7 Ne7 38. f4 1-0

[Event "Ruhrgebiet Verbandsliga Gruppe 1 1718"]
[Site "Germany"]
[Date "2018.01.14"]
[Round "5.5"]
[White "Sondermann, Dirk"]
[Black "Schoetz, Hans Joachim"]
[Result "1-0"]
[WhiteElo "1816"]
[BlackElo "1913"]
[PlyCount "185"]
[EventDate "2017.09.17"]
[EventType "team-tourn"]
[EventRounds "9"]
[EventCountry "GER"]
[SourceTitle "EXT 2022"]
[Source "ChessBase"]
[SourceDate "2021.10.06"]
[SourceVersion "1"]
[SourceVersionDate "2021.10.06"]
[SourceQuality "1"]
[WhiteTeam "Annen Sport Union"]
[BlackTeam "Boenen SV"]
[WhiteTeamCountry "GER"]
[BlackTeamCountry "GER"]

1. d4 d5 2. c4 Nc6 3. Nf3 Bg4 4. Nc3 e6 5. Bf4 a6 6. cxd5 exd5 7. e3 Nf6 8. Be2 Bd6 9. Bg5 Be7 10. Bxf6 gxf6 11. a3 Rg8 12. Qc2 Rg7 13. Nh4 Bxe2 14. Qxe2 Qd7 15. Qf3 0-0-0 16. 0-0-0 Rg5 17. g3 Na5 18. Qe2 Qc6 19. Qc2 Nc4 20. Nf3 Rg6 21. Nd2 Na5 22. Ne2 Qb5 23. Nf4 Rgg8 24. Qd3 Qd7 25. Kb1 Kb8 26. Rc1 Rc8 27. b4 Nc6 28. Nb3 Na7 29. Nc5 Bxc5 30. Rxc5 c6 31. a4 b6 32. Rc2 Kb7 33. Rhc1 Rc7 34. Qxh7 Rgc8 35. Qd3 Qd6 36. Rb2 Qd7 37. h4 Rg8 38. Qb3 Rd8 39. Rbc2 Qe7 40. Rb2 Rdd7 41. Rbc2 Rd8 42. h5 Qe4 43. Qd3 Qe7 44. Rb2 Qd7 45. Rd1 Re8 46. h6 Rh8 47. Rh1 Nc8 48. b5 Nd6 49. bxa6+ Ka7 50. Rc2 Qe7 51. Rh5 Ne4 52. Qb3 Kxa6 53. Nd3 Nd6 54. Nb4+ Kb7 55. Rh4 f5 56. Qd3 Nc4 57. Rxc4 dxc4 58. Qxc4 Qd6 59. Qa6+ Kb8 60. Qc4 b5 61. Qc5 Qxc5 62. Na6+ Ka7 63. Nxc5 bxa4 64. Nxa4 f6 65. Kc2 Kb8 66. Nc5 Ra7 67. Kd2 Ra2+ 68. Ke1 Kc7 69. Kf1 Kd6 70. Kg2 Ra7 71. Rh5 Rah7 72. Rxf5 Rxh6 73. Ne4+ Ke6 74. Rc5 Kd7 75. Kf3 Re8 76. Kf4 Re6 77. Ra5 Ke8 78. g4 Kf8 79. Kf5 Kf7 80. Ra7+ Re7 81. Ra6 Rc7 82. Ra8 Rd7 83. Rc8 Rd5+ 84. Kf4 f5 85. Rc7+ Kf8 86. Kg5 Re6 87. Nc5 fxg4+ 88. Kxg4 Rh6 89. f4 Rg6+ 90. Kf3 Ke8 91. Nd3 Kd8 92. Ra7 Rd7 93. Rxd7+ 1-0

[Event "Ruhrgebiet Verbandsliga Gruppe 1 1718"]
[Site "Germany"]
[Date "2017.10.08"]
[Round "2.5"]
[White "Schoetz, Hans Joachim"]
[Black "Masberg, Stefan"]
[Result "0-1"]
[WhiteElo "1914"]
[BlackElo "1938"]
[PlyCount "80"]
[EventDate "2017.09.17"]
[EventType "team-tourn"]
[EventRounds "9"]
[EventCountry "GER"]
[SourceTitle "EXT 2022"]
[Source "ChessBase"]
[SourceDate "2021.10.06"]
[SourceVersion "1"]
[SourceVersionDate "2021.10.06"]
[SourceQuality "1"]
[WhiteTeam "Boenen SV"]
[BlackTeam "Bottrop SV"]
[WhiteTeamCountry "GER"]
[BlackTeamCountry "GER"]

1. e4 e5 2. Nf3 Nc6 3. Bc4 Bc5 4. c3 Nf6 5. d3 d6 6. h3 h6 7. 0-0 0-0 8. b4 Bb6 9. a4 a5 10. b5 Ne7 11. Qe2 Ng6 12. d4 exd4 13. cxd4 d5 14. e5 dxc4 15. exf6 Qxf6 16. Nc3 Rd8 17. Be3 Bf5 18. Qxc4 Bxh3 19. Ne4 Qe6 20. Qxe6 Bxe6 21. Rac1 Bd5 22. Nfd2 f5 23. Nc3 f4 24. Nxd5 Rxd5 25. Nc4 fxe3 26. fxe3 Re8 27. Rf2 Nf8 28. Nxb6 cxb6 29. Rc7 Nd7 30. Rf3 Rf8 31. Rg3 g5 32. Rxb7 Kf7 33. Rg4 Re8 34. Kf2 Kg6 35. Rg3 Re6 36. Rc7 h5 37. Rf3 Rdd6 38. Rc8 Nf6 39. Rc7 g4 40. Rxf6+ Kxf6 0-1

[Event "Ruhrgebiet Verbandsklasse Gruppe 2 1617"]
[Site "Germany"]
[Date "2017.02.19"]
[Round "7.6"]
[White "Koprek, Juergen"]
[Black "Schoetz, Hans Joachim"]
[Result "1-0"]
[WhiteElo "1878"]
[BlackElo "1881"]
[PlyCount "41"]
[EventDate "2016.09.04"]
[EventType "team-tourn"]
[EventRounds "9"]
[EventCountry "GER"]
[SourceTitle "EXT 2022"]
[Source "ChessBase"]
[SourceDate "2021.10.06"]
[SourceVersion "1"]
[SourceVersionDate "2021.10.06"]
[SourceQuality "1"]
[WhiteTeam "Ruettenscheid Rochade"]
[BlackTeam "Boenen SV"]
[WhiteTeamCountry "GER"]
[BlackTeamCountry "GER"]

1. d4 d5 2. c4 Nc6 3. Nc3 e6 4. Nf3 Nf6 5. Bg5 Be7 6. e3 a6 7. Rc1 0-0 8. Bd3 dxc4 9. Bxc4 b5 10. Bd3 Bb7 11. 0-0 Nb4 12. Ne5 Rc8 13. Bb1 Nbd5 14. Nxd5 Nxd5 15. Qh5 f5 16. Bxe7 Nxe7 17. Rc5 Rf6 18. Rfc1 Bd5 19. f3 Ng6 20. Nc6 Bxc6 21. Rxc6 1-0

[Event "Unna op"]
[Site "Unna"]
[Date "2016.12.29"]
[Round "6"]
[White "Knudsen, Simon"]
[Black "Schoetz, Hans Joachim"]
[Result "1-0"]
[WhiteElo "2003"]
[BlackElo "1832"]
[PlyCount "63"]
[EventDate "2016.12.27"]
[EventType "swiss"]
[EventRounds "7"]
[EventCountry "GER"]
[SourceTitle "EXT 2018"]
[Source "ChessBase"]
[SourceDate "2017.10.13"]
[SourceVersion "1"]
[SourceVersionDate "2017.10.13"]
[SourceQuality "1"]

1. e4 c5 2. Nf3 d6 3. d4 cxd4 4. Nxd4 Nf6 5. Nc3 a6 6. Rg1 e6 7. g4 b5 8. g5 Nfd7 9. Be3 Bb7 10. a3 Nc5 11. Bg2 Qc7 12. h4 Nbd7 13. h5 g6 14. f4 Nb6 15. Qe2 Nc4 16. Bc1 Qb6 17. Qf2 Bg7 18. Nde2 Qc7 19. f5 Bxc3+ 20. Nxc3 0-0-0 21. b3 Nb6 22. Bb2 Rhe8 23. 0-0-0 exf5 24. exf5 Ne4 25. Nxe4 Bxe4 26. Bf6 Bxf5 27. Bxd8 Rxd8 28. Bf1 Kb7 29. Bd3 Be6 30. Kb2 Rc8 31. Qd4 Nd7 32. Be4+ 1-0

[Event "Unna op"]
[Site "Unna"]
[Date "2016.12.28"]
[Round "4"]
[White "Tkachuk, Konstantyn"]
[Black "Schoetz, Hans Joachim"]
[Result "1/2-1/2"]
[WhiteElo "2247"]
[BlackElo "1832"]
[PlyCount "47"]
[EventDate "2016.12.27"]
[EventType "swiss"]
[EventRounds "7"]
[EventCountry "GER"]
[SourceTitle "EXT 2018"]
[Source "ChessBase"]
[SourceDate "2017.10.13"]
[SourceVersion "1"]
[SourceVersionDate "2017.10.13"]
[SourceQuality "1"]

1. e4 c5 2. Nf3 d6 3. d4 cxd4 4. Nxd4 Nf6 5. Nc3 a6 6. Bc4 e6 7. Bb3 b5 8. f3 Bb7 9. Be3 Nbd7 10. Qd2 Nc5 11. 0-0 Be7 12. a4 b4 13. Nce2 a5 14. Bc4 0-0 15. Bb5 Qc7 16. Ng3 Rad8 17. Rad1 Nfd7 18. Bg5 Bxg5 19. Qxg5 h6 20. Qe3 d5 21. exd5 Bxd5 22. Rd2 Nb6 23. b3 Bb7 24. Nge2 1/2-1/2

[Event "Ruhrgebiet Verbandsklasse Gruppe 2 1617"]
[Site "Germany"]
[Date "2016.09.25"]
[Round "2.5"]
[White "Schoetz, Hans Joachim"]
[Black "Becker, Volker"]
[Result "1-0"]
[WhiteElo "1832"]
[BlackElo "1725"]
[PlyCount "49"]
[EventDate "2016.09.04"]
[EventType "team-tourn"]
[EventRounds "9"]
[EventCountry "GER"]
[SourceTitle "EXT 2022"]
[Source "ChessBase"]
[SourceDate "2021.10.06"]
[SourceVersion "1"]
[SourceVersionDate "2021.10.06"]
[SourceQuality "1"]
[WhiteTeam "Boenen SV"]
[BlackTeam "Schueren"]
[WhiteTeamCountry "GER"]
[BlackTeamCountry "GER"]

1. e4 e6 2. d4 d5 3. exd5 exd5 4. Bd3 Bd6 5. h3 Nf6 6. Nf3 0-0 7. 0-0 b6 8. Bg5 h6 9. Bh4 c5 10. c3 Ba6 11. Ne5 Bxd3 12. Qxd3 g5 13. Bg3 Ne4 14. Nd2 f5 15. Nxe4 fxe4 16. Qe3 Bxe5 17. dxe5 Nc6 18. f4 exf3 19. Rxf3 Rxf3 20. Qxf3 Ne7 21. Rf1 Qf8 22. Qg4 Qc8 23. e6 d4 24. Rf7 dxc3 25. Qe4 1-0

[Event "Ruhrgebiet Verbandsklasse Gruppe 3 1415"]
[Site "Germany"]
[Date "2015.03.01"]
[Round "7.5"]
[White "Schoetz, Hans Joachim"]
[Black "Marx, Patrick"]
[Result "1/2-1/2"]
[WhiteElo "1852"]
[BlackElo "1841"]
[PlyCount "230"]
[EventDate "2014.09.21"]
[EventType "team-tourn"]
[EventRounds "9"]
[EventCountry "GER"]
[SourceTitle "EXT 2022"]
[Source "ChessBase"]
[SourceDate "2021.10.06"]
[SourceVersion "1"]
[SourceVersionDate "2021.10.06"]
[SourceQuality "1"]
[WhiteTeam "Boenen SV"]
[BlackTeam "Welper SV II"]
[WhiteTeamCountry "GER"]
[BlackTeamCountry "GER"]

1. e4 c6 2. d4 d5 3. exd5 cxd5 4. Bd3 Nf6 5. h3 Nc6 6. Nf3 e6 7. c3 Be7 8. 0-0 0-0 9. Qe2 a6 10. Ne5 Nxe5 11. dxe5 Nd7 12. f4 Nc5 13. Bc2 Qc7 14. Nd2 Rd8 15. Nf3 g6 16. Nd4 b5 17. Rf3 Bb7 18. f5 Qd7 19. fxg6 fxg6 20. Bh6 Bf8 21. Bg5 Be7 22. Bxe7 Qxe7 23. Rf6 Rf8 24. b4 Nd7 25. Rxe6 Qg7 26. Re1 Rfe8 27. Qg4 Nf8 28. Rb6 Re7 29. Qg5 Rae8 30. e6 Bc8 31. Qxd5 Qf6 32. Bb3 Qh4 33. Re4 Qg3 34. a4 Qxc3 35. axb5 axb5 36. Nxb5 Qc1+ 37. Kh2 Bxe6 38. Rbxe6 Nxe6 39. Nd4 Qc7+ 40. g3 Qa7 41. Rxe6 Rxe6 42. Kg2 Qa1 43. h4 Qb2+ 44. Kh3 Qf2 45. Nxe6 Qf1+ 46. Kh2 Qf2+ 47. Qg2 Qxg2+ 48. Kxg2 Rb8 49. Nc7+ Kg7 50. Nd5 Kh6 51. Kf3 g5 52. Kg4 gxh4 53. Kxh4 Kg7 54. Bc4 Re8 55. g4 Re4 56. Bb3 Rd4 57. b5 Rd2 58. b6 Rh2+ 59. Kg3 Rb2 60. Ba4 Kg6 61. Bc6 Kg5 62. b7 Rb3+ 63. Kg2 Kxg4 64. Nf6+ Kf5 65. Nd7 Kf4 66. b8Q+ Rxb8 67. Nxb8 h5 68. Kh3 h4 69. Kxh4 Kf5 70. Bd7+ Ke5 71. Nc6+ Kd6 72. Be8 Ke6 73. Kg5 Kd5 74. Kf5 Kc5 75. Ke5 Kc4 76. Nd4 Kd3 77. Bb5+ Kc3 78. Nc6 Kd2 79. Kd4 Kc2 80. Bc4 Kb2 81. Kd3 Kc1 82. Nd4 Kb2 83. Nc2 Kc1 84. Kc3 Kb1 85. Nb4 Ka1 86. Nc6 Kb1 87. Nd4 Ka1 88. Bd3 Ka2 89. Bc2 Ka1 90. Bb3 Kb1 91. Bc4 Ka1 92. Nb3+ Kb1 93. Bd3+ Ka2 94. Bc2 Ka3 95. Nd2 Ka2 96. Bb3+ Ka1 97. Bc2 Ka2 98. Nc4 Ka1 99. Bb3 Kb1 100. Nd2+ Ka1 101. Bc2 Ka2 102. Bd3 Ka1 103. Nb3+ Ka2 104. Bc2 Ka3 105. Nd2 Ka2 106. Bb3+ Ka1 107. Bc2 Ka2 108. Nc4 Ka1 109. Be4 Ka2 110. Bd5 Ka1 111. Be6 Ka2 112. Nd2+ Ka1 113. Nb3+ Ka2 114. Kc2 Ka3 115. Nd4 Ka4 1/2-1/2

[Event "Ruhrgebiet Verbandsklasse Gruppe 3 1415"]
[Site "Germany"]
[Date "2014.10.19"]
[Round "2.5"]
[White "Gitschel, Ralf"]
[Black "Schoetz, Hans Joachim"]
[Result "1-0"]
[WhiteElo "1894"]
[BlackElo "1845"]
[PlyCount "81"]
[EventDate "2014.09.21"]
[EventType "team-tourn"]
[EventRounds "9"]
[EventCountry "GER"]
[SourceTitle "EXT 2022"]
[Source "ChessBase"]
[SourceDate "2021.10.06"]
[SourceVersion "1"]
[SourceVersionDate "2021.10.06"]
[SourceQuality "1"]
[WhiteTeam "Eichlinghofen SV"]
[BlackTeam "Boenen SV"]
[WhiteTeamCountry "GER"]
[BlackTeamCountry "GER"]

1. e4 c5 2. Nf3 d6 3. d4 cxd4 4. Nxd4 Nf6 5. Nc3 a6 6. Bg5 e6 7. f4 Nbd7 8. Bc4 Qc7 9. Bb3 Nc5 10. Bxf6 gxf6 11. f5 h5 12. Qf3 Be7 13. 0-0-0 Bd7 14. Qh3 Nxb3+ 15. axb3 e5 16. Nde2 Bc6 17. Nd5 Bxd5 18. Rxd5 b5 19. Nc3 b4 20. Na4 Rc8 21. c4 bxc3 22. bxc3 Qb7 23. Kc2 Qa7 24. Rhd1 Rg8 25. c4 Rg4 26. Nc3 Qb6 27. R5d2 Rb8 28. Rb1 Rg5 29. Nd5 Qa5 30. Rb2 Bd8 31. Qe3 Bb6 32. Nxf6+ Kf8 33. Qxg5 Bd4 34. Rxd4 exd4 35. Nd7+ Ke8 36. Nxb8 Qc3+ 37. Kb1 Qe1+ 38. Qc1 Qxe4+ 39. Ka1 Qxf5 40. Qe1+ Kf8 41. Nxa6 1-0

[Event "NRW Verbandsklasse Group3 1314"]
[Site "Nordrheinwestfalen"]
[Date "2014.01.26"]
[Round "6.6"]
[White "Schoetz, Hans Joachim"]
[Black "Schaedlich, Andreas"]
[Result "1/2-1/2"]
[WhiteElo "1847"]
[BlackElo "1929"]
[PlyCount "90"]
[EventDate "2013.09.08"]
[EventType "team-tourn"]
[EventRounds "9"]
[EventCountry "GER"]
[SourceTitle "EXT 2020"]
[Source "ChessBase"]
[SourceDate "2019.10.17"]
[SourceVersion "1"]
[SourceVersionDate "2019.10.17"]
[SourceQuality "1"]
[WhiteTeam "Boenen SV"]
[BlackTeam "Wacker Bergeborbeck"]
[WhiteTeamCountry "GER"]
[BlackTeamCountry "GER"]

1. e4 d6 2. d4 g6 3. Nc3 Bg7 4. Be3 Nf6 5. f3 c6 6. Qd2 b5 7. a3 0-0 8. g4 Qa5 9. h4 h5 10. 0-0-0 hxg4 11. h5 Nxh5 12. Bh6 f6 13. Be2 b4 14. axb4 Bxh6 15. Qxh6 Qg5+ 16. Qxg5 fxg5 17. fxg4 Ng3 18. Rh2 Rf4 19. Bc4+ Kg7 20. Nge2 Rxg4 21. Nxg3 Rxg3 22. Rdh1 g4 23. Rh7+ Kf6 24. Rf7+ Kg5 25. Rxe7 Rh3 26. Rg1 Na6 27. b5 Nb4 28. bxc6 Nxc6 29. Re8 Nxd4 30. Rd1 Nf3 31. Rxd6 Rh1+ 32. Nd1 Bb7 33. Re7 g3 34. Bf7 Rh6 35. Ne3 Rh1+ 36. Rd1 Rxd1+ 37. Kxd1 Ba6 38. Re6 Rd8+ 39. Kc1 Rh8 40. b3 Rh1+ 41. Kb2 Ne5 42. Rxe5+ Kf4 43. Re6 Kxe3 44. Rxg6 Kf4 45. Rxa6 g2 1/2-1/2

[Event "NRW Verbandsklasse Group3 1314"]
[Site "Nordrheinwestfalen"]
[Date "2013.11.24"]
[Round "4.6"]
[White "Schoetz, Hans Joachim"]
[Black "Labuda, Markus"]
[Result "0-1"]
[WhiteElo "1847"]
[BlackElo "1946"]
[PlyCount "73"]
[EventDate "2013.09.08"]
[EventType "team-tourn"]
[EventRounds "9"]
[EventCountry "GER"]
[SourceTitle "EXT 2020"]
[Source "ChessBase"]
[SourceDate "2019.10.17"]
[SourceVersion "1"]
[SourceVersionDate "2019.10.17"]
[SourceQuality "1"]
[WhiteTeam "Boenen SV"]
[BlackTeam "Oberhausen SV II"]
[WhiteTeamCountry "GER"]
[BlackTeamCountry "GER"]

1. e4 e6 2. d4 d5 3. exd5 exd5 4. Bd3 Nf6 5. h3 Bd6 6. Nf3 0-0 7. 0-0 h6 8. c3 b6 9. Ne5 c5 10. f4 Bb7 11. Rf3 Nc6 12. Be3 Ne4 13. Bxe4 dxe4 14. Rg3 f5 15. Nd2 cxd4 16. Qb3+ Kh7 17. Nxc6 Bxc6 18. Bxd4 g5 19. Rf1 Bc7 20. h4 g4 21. Re3 Bd5 22. c4 Bc6 23. Qc3 Qxh4 24. g3 Qe7 25. b4 Rad8 26. Nb3 Ba4 27. Rf2 Rd7 28. Nd2 Bc6 29. b5 Bb7 30. Nb3 Bd6 31. a4 Rc8 32. Rh2 Rdc7 33. Bf6 Qf8 34. Bg5 Rxc4 35. Qb2 Ba3 36. Qe5 Re8 37. Bxh6 0-1

[Event "Ruhrgebiet VK2 1213"]
[Site "Nordrheinwestfalen"]
[Date "2012.09.30"]
[Round "2.2"]
[White "Schoetz, Hans Joachim"]
[Black "Harms, Andreas"]
[Result "0-1"]
[WhiteElo "1845"]
[BlackElo "2056"]
[PlyCount "73"]
[EventDate "2012.09.02"]
[EventType "team-tourn"]
[EventRounds "9"]
[EventCountry "GER"]
[SourceTitle "EXT 2020"]
[Source "ChessBase"]
[SourceDate "2019.10.17"]
[SourceVersion "1"]
[SourceVersionDate "2019.10.17"]
[SourceQuality "1"]
[WhiteTeam "Boenen SV"]
[BlackTeam "Holsterhausen SK II"]
[WhiteTeamCountry "GER"]
[BlackTeamCountry "GER"]

1. e4 c5 2. Nf3 e6 3. Qe2 Nc6 4. c3 Nf6 5. d3 Be7 6. g3 d5 7. Bg2 b6 8. 0-0 Ba6 9. e5 Nd7 10. Re1 g5 11. h3 h5 12. g4 hxg4 13. hxg4 Nf8 14. c4 Rc8 15. Nc3 Nd4 16. Qd1 dxc4 17. Qa4+ Nd7 18. Qxa6 Nc2 19. Bxg5 Bxg5 20. Nxg5 Nb4 21. Qxc4 Qxg5 22. Ne4 Qxe5 23. f4 Qxf4 24. g5 Qh2+ 25. Kf2 Ne5 26. Nf6+ Ke7 27. Rxe5 Qxe5 28. a3 Qxb2+ 29. Kg3 Qe5+ 30. Kf2 Qxg5 31. Ne4 Qf4+ 32. Ke2 Nd5 33. Rf1 Qe3+ 34. Kd1 Rh2 35. Rf2 Qxf2 36. Nxf2 Ne3+ 37. Ke2 0-1

[Event "Ruhrgebiet VK3 0910"]
[Site "Ruhrgebiet"]
[Date "2010.02.21"]
[Round "7.5"]
[White "Landscheidt, Heinz"]
[Black "Schoetz, Hans Joachim"]
[Result "1/2-1/2"]
[WhiteElo "1915"]
[BlackElo "1817"]
[PlyCount "57"]
[EventDate "2009.09.06"]
[EventType "team"]
[EventRounds "9"]
[EventCountry "GER"]
[SourceTitle "EXT 2011"]
[Source "ChessBase"]
[SourceDate "2010.11.26"]
[SourceVersion "1"]
[SourceVersionDate "2010.11.26"]
[SourceQuality "1"]
[WhiteTeam "Wacker Bergeborbeck"]
[BlackTeam "Boenen SV"]
[WhiteTeamCountry "GER"]
[BlackTeamCountry "GER"]

1. c4 e6 2. Nc3 d5 3. d4 Nc6 4. Nf3 Nf6 5. e3 a6 6. Bd3 dxc4 7. Bxc4 b5 8. Bd3 Bb7 9. 0-0 Be7 10. Bd2 0-0 11. Qe2 Nb4 12. Bb1 c5 13. dxc5 Bxf3 14. gxf3 Bxc5 15. Ne4 Nxe4 16. Bxe4 Nd5 17. Rac1 Rc8 18. f4 f5 19. Bg2 Qe7 20. Bc3 Nxc3 21. Rxc3 Bd6 22. Rfc1 Rxc3 23. Rxc3 e5 24. fxe5 Bxe5 25. Rc2 h6 26. a4 bxa4 27. Qxa6 Qd7 28. Qc4+ Kh8 29. Qd5 1/2-1/2

[Event "Ruhrgebiet VK3 0708"]
[Site "Germany"]
[Date "2008.03.09"]
[Round "7.3"]
[White "Schoetz, Hans Joachim"]
[Black "Biermann, Klaus"]
[Result "1-0"]
[WhiteElo "1859"]
[BlackElo "1926"]
[PlyCount "55"]
[EventDate "2007.09.16"]
[EventType "team-tourn"]
[EventRounds "9"]
[EventCountry "GER"]
[SourceTitle "EXT 2009"]
[Source "ChessBase"]
[SourceDate "2008.11.26"]
[SourceVersion "1"]
[SourceVersionDate "2008.11.26"]
[SourceQuality "1"]
[WhiteTeam "Boenen SV"]
[BlackTeam "Essen Werden"]
[WhiteTeamCountry "GER"]
[BlackTeamCountry "GER"]

1. e4 c5 2. Nf3 d6 3. d4 cxd4 4. Nxd4 Nf6 5. Nc3 g6 6. f3 Bg7 7. Be3 0-0 8. Qd2 Nc6 9. g4 Nxd4 10. Bxd4 Qa5 11. 0-0-0 Be6 12. Kb1 Rfc8 13. a3 Bc4 14. h4 Bxf1 15. Rdxf1 Rc4 16. Re1 Rac8 17. h5 Rxd4 18. Qxd4 Nxg4 19. e5 Nxe5 20. h6 Rc4 21. Qd5 Qxd5 22. Nxd5 Bf6 23. f4 Nd7 24. Nxf6+ exf6 25. Re8+ Nf8 26. Rb8 Rxf4 27. Re1 Rh4 28. Ree8 1-0

[Event "Unna op"]
[Site "Unna"]
[Date "2007.12.27"]
[Round "2"]
[White "Wolf, Ulrich"]
[Black "Schoetz, Hans Joachim"]
[Result "1-0"]
[WhiteElo "2126"]
[BlackElo "1875"]
[PlyCount "119"]
[EventDate "2007.12.27"]
[EventType "swiss"]
[EventRounds "7"]
[EventCountry "GER"]
[SourceTitle "CBM 122 Extra"]
[Source "ChessBase"]
[SourceDate "2008.03.04"]
[SourceVersion "1"]
[SourceVersionDate "2008.03.04"]
[SourceQuality "1"]

1. Nf3 d5 2. d4 Bg4 3. Ne5 Bh5 4. c4 e6 5. Nc3 c6 6. cxd5 exd5 7. Qb3 Qb6 8. Qxb6 axb6 9. Bf4 f6 10. Nd3 g5 11. Bg3 Bg6 12. e3 Nh6 13. f3 Nf5 14. Bf2 Nd6 15. Rc1 Bg7 16. h4 h6 17. Nb4 0-0 18. Bd3 Bxd3 19. Nxd3 Re8 20. 0-0 Nd7 21. g4 gxh4 22. Rfe1 h5 23. gxh5 Bh6 24. Rc2 Kh7 25. e4 dxe4 26. fxe4 Rg8+ 27. Kh1 Rg4 28. e5 fxe5 29. Nxe5 Nxe5 30. dxe5 Nf5 31. Ne4 Bg7 32. Nc3 Kh6 33. Rd2 Re8 34. e6 Kxh5 35. Rd7 Re7 36. Bxb6 Bxc3 37. bxc3 Rgg7 38. Rxe7 Rxe7 39. Bc5 Re8 40. Kg2 Kg5 41. Kf3 Kf6 42. e7 Nxe7 43. Bf2 Kf7 44. Bxh4 Nf5 45. Bf2 Ra8 46. Re2 Ra3 47. Kf4 Ne7 48. Rxe7+ Kxe7 49. Bc5+ Ke6 50. Bxa3 Kd5 51. Ke3 Kc4 52. Kd2 Kb5 53. Kd3 b6 54. Kd4 Ka4 55. Be7 Kb5 56. Bd8 Ka6 57. Bxb6 Kxb6 58. Kc4 c5 59. Kd5 Kb5 60. c4+ 1-0

[Event "Ruhrgebiet VK3 0708"]
[Site "Germany"]
[Date "2007.12.09"]
[Round "4.3"]
[White "Dahlhaus, Friedhelm"]
[Black "Schoetz, Hans Joachim"]
[Result "1-0"]
[WhiteElo "1977"]
[BlackElo "1875"]
[PlyCount "45"]
[EventDate "2007.09.16"]
[EventType "team-tourn"]
[EventRounds "9"]
[EventCountry "GER"]
[SourceTitle "EXT 2009"]
[Source "ChessBase"]
[SourceDate "2008.11.26"]
[SourceVersion "1"]
[SourceVersionDate "2008.11.26"]
[SourceQuality "1"]
[WhiteTeam "Bergeborbeck Wacker"]
[BlackTeam "Boenen SV"]
[WhiteTeamCountry "GER"]
[BlackTeamCountry "GER"]

1. e4 c5 2. Nf3 d6 3. d4 cxd4 4. Nxd4 Nf6 5. Nc3 a6 6. Bg5 e6 7. f4 h6 8. Bh4 Be7 9. Qf3 Qc7 10. 0-0-0 Nbd7 11. Bd3 Nc5 12. Rhe1 Nfxe4 13. Bxe7 Nxc3 14. Nf5 Nxd1 15. Bxd6 Qa5 16. Kxd1 Rg8 17. Re5 Qxa2 18. Rxc5 exf5 19. Bc4 Qxb2 20. Qe3+ Be6 21. Bxe6 Kd8 22. Bc7+ Ke7 23. Bxf5+ 1-0

[Event "Unna op"]
[Site "Unna"]
[Date "2004.12.27"]
[Round "2"]
[White "Schoetz, Hans Joachim"]
[Black "Stoyanov, Petar"]
[Result "0-1"]
[WhiteElo "1917"]
[BlackElo "2290"]
[PlyCount "44"]
[EventDate "2004.12.27"]
[EventType "swiss"]
[EventRounds "7"]
[EventCountry "GER"]
[SourceTitle "CBM 104 Extra"]
[Source "ChessBase"]
[SourceDate "2005.03.01"]
[SourceVersion "1"]
[SourceVersionDate "2005.03.01"]
[SourceQuality "1"]

1. e4 e5 2. Nf3 Nc6 3. Bc4 Bc5 4. c3 Nf6 5. b4 Bb6 6. d3 d6 7. a4 a6 8. Qb3 0-0 9. h3 Ne7 10. Bg5 Ng6 11. Nbd2 h6 12. Be3 c6 13. d4 d5 14. Bd3 dxe4 15. Nxe4 Nxe4 16. Bxe4 Be6 17. d5 cxd5 18. Bxb6 Qxb6 19. Bxd5 Bxd5 20. Qxd5 e4 21. Ne5 Rad8 22. Nc4 Qf6 0-1

[Event "Ruhrgebiet VK1 0304"]
[Site "Ruhrgebiet"]
[Date "2004.03.28"]
[Round "8.2"]
[White "Bautz, Volker"]
[Black "Schoetz, Hans Joachim"]
[Result "0-1"]
[WhiteElo "1915"]
[BlackElo "1893"]
[PlyCount "92"]
[EventDate "2003.09.28"]
[EventType "team-tourn"]
[EventRounds "9"]
[EventCountry "GER"]
[SourceTitle "EXT 2007"]
[Source "ChessBase"]
[SourceDate "2006.11.23"]
[SourceVersion "1"]
[SourceVersionDate "2006.11.23"]
[SourceQuality "1"]
[WhiteTeam "Bochum SV 02 II"]
[BlackTeam "Boenen SV"]
[WhiteTeamCountry "GER"]
[BlackTeamCountry "GER"]

1. Nc3 e5 2. e4 Nf6 3. f4 d5 4. fxe5 Nxe4 5. Nf3 Be7 6. Bd3 Nc5 7. 0-0 Nxd3 8. cxd3 d4 9. Ne4 0-0 10. Qa4 c5 11. a3 Nc6 12. b4 cxb4 13. axb4 Nxb4 14. Ba3 Bd7 15. Qb3 Be6 16. Qb1 Qb6 17. Nd6 a5 18. Qb2 Bxd6 19. exd6 Qxd6 20. Qxd4 Qxd4+ 21. Nxd4 Rfd8 22. Nxe6 fxe6 23. Bxb4 axb4 24. Rxa8 Rxa8 25. Rf4 Ra4 26. Rc4 b5 27. Rc5 Ra5 28. Rc1 b3 29. Rb1 Ra3 30. Kf2 Kf7 31. Ke3 Ke7 32. Kd4 Kd6 33. h3 e5+ 34. Kc3 Kc5 35. Kb2 Kb4 36. Rc1 Ra2+ 37. Kb1 Rxd2 38. Re1 Ka3 39. Kc1 Ra2 40. Rxe5 b2+ 41. Kc2 Ra1 42. Rxb5 Rc1+ 43. Kd2 b1Q 44. Rxb1 Rxb1 45. Ke3 Kb4 46. Ke4 Kc5 0-1